000 00257nam a2200109Ia 4500
008 230312s9999||||xx |||||||||||||| ||und||
082 _a759.951
_bBOY-D
100 _aBoyce:Charles
245 0 _aDictionary of furniture
650 _aArchitecture
942 _cBK
999 _c14562
_d14562